Modelovanie poškodenia lesných porastov lykožrútom smrekovým s využitím modelu TANABBO

Enregistré dans:
Détails bibliographiques
Auteur principal: Bulla, Branislav (Auteur)
Autres auteurs: Ďuračiová, Renata (Directeur de thèse)
Format: Manuscrit Livre
Langue:slovaque
Publié: 2016
Sujets:
Accès en ligne:http://is.stuba.sk/zp/portal_zp.pl?podrobnosti=132258
https://opac.crzp.sk/?fn=detailBiblioForm&sid=41728D440EB1EF629111118922FE
Tags: Ajouter un tag
Pas de tags, Soyez le premier à ajouter un tag!

MARC

LEADER 00000ntm a22000003a 4500
001 stuzp57120
003 SK-STU
005 20230824131347.8
007 ta
008 150427s2015----xo-----f-mn---000-0-slo-d
040 |a STU  |b slo 
041 0 |a slo 
100 1 |a Bulla, Branislav  |u 010130  |4 aut  |U SvF Stavebná fakulta  |T SvF Katedra geodetických základov  |X 9505  |U V130  |Y 13  |7 A000009505 
242 0 1 |a Modeling of Spruce Forest Damage Using Spatio-temporal Model of Bark Beetle Attack TANABBO  |y eng 
245 1 0 |a Modelovanie poškodenia lesných porastov lykožrútom smrekovým s využitím modelu TANABBO 
260 |c 2016 
650 4 |a Modelovanie  |2 slo 
650 4 |a TANABBO  |2 slo 
650 4 |a lykožrút smrekový  |2 slo 
650 4 |a Modeling  |2 eng 
650 4 |a TANABBO  |2 eng 
650 4 |a Bark beetle  |2 eng 
700 1 |a Ďuračiová, Renata  |u 010130  |k Z1  |4 ths  |U SvF Stavebná fakulta  |T SvF Katedra geodetických základov  |X 950  |U V130  |Y 13  |7 A000000950 
856 4 |u http://is.stuba.sk/zp/portal_zp.pl?podrobnosti=132258 
856 4 |u https://opac.crzp.sk/?fn=detailBiblioForm&sid=41728D440EB1EF629111118922FE 
SQL |a stuzp57120  |b DDP  |c SLO  |d Modelovanie poškodenia lesných porastov lykožrútom smrekovým s využitím modelu TANABBO  |e 9505  |f Bulla, Branislav  |g 010130  |h 950  |i Ďuračiová, Renata  |j 20160616  |k 1205  |l 01  |m http://is.stuba.sk/zp/portal_zp.pl?podrobnosti=132258  |n I-GKK  |o 5.1.3. geodézia a kartografia